[Event "30th Rubinstein Memorial"]
[Site "Polanica Zdroj POL"]
[Date "1993.08.??"]
[Round "1"]
[White "Sax, Gyula"]
[Black "Markowski, Tomasz"]
[WhiteElo "2520"]
[BlackElo "2465"]
[Result "1-0"]
[EventDate "1993.08.14"]
[PlyCount "57"]
1. e4 c5 2. Nf3 e6 3. d4 cxd4 4. Nxd4 Nf6 5. Nc3 d6 6. g4 Be7 7. Be3 Nc6 8. h3 O-O 9. Qe2 a6 10. O-O-O Qc7 11. Bg2 Re8 12. f4 Rb8 13. g5 Nd7 14. h4 Nxd4 15. Bxd4 b5 16. g6 fxg6 17. h5 Bf8 18. hxg6 h6 19. e5 Bb7 20. Bxb7 Qxb7 21. Ne4 dxe5 22. fxe5 Qc7 23. Qf2 Re7 24. Nf6+ Kh8 25. Rdf1 Nxe5 26. Bxe5 Qxe5 27. Nd7 Qg5+ 28. Kb1 Qxg6 29. Nxb8 1-0

[Event "30th Rubinstein Memorial"]
[Site "Polanica Zdroj POL"]
[Date "1993.08.??"]
[Round "1"]
[White "Sosonko, Gennadi"]
[Black "Gdanski, Jacek"]
[WhiteElo "2525"]
[BlackElo "2485"]
[Result "1-0"]
[EventDate "1993.08.14"]
[PlyCount "95"]
1. d4 Nf6 2. c4 c5 3. d5 g6 4. Nc3 d6 5. e4 Bg7 6. Nf3 O-O 7. Be2 e6 8. O-O Re8 9. Bf4 exd5 10. exd5 Ne4 11. Nxe4 Rxe4 12. Qd2 Bg4 13. Rae1 Bxf3 14. Bxf3 Rxe1 15. Rxe1 Na6 16. g3 Nc7 17. h4 Qd7 18. b4 Na6 19. a3 Bf8 20. Kg2 Rc8 21. Re4 Re8 22. Rxe8 Qxe8 23. b5 Nc7 24. Qa5 Qb8 25. b6 axb6 26. Qxb6 Ne8 27. a4 Qc7 28. Qa7 Qc8 29. a5 Nf6 30. Qb6 Nd7 31. Qb5 h5 32. Be4 Qc7 33. Bf3 Kg7 34. a6 bxa6 35. Qc6 Qa7 36. Bxd6 Bxd6 37. Qxd6 Nf6 38. Qe5 Qd7 39. d6 Qf5 40. Qxf5 gxf5 41. Bxh5 Kf8 42. Bd1 Ne4 43. d7 Ke7 44. Ba4 Nf6 45. Kf3 Nxd7 46. Bxd7 Kxd7 47. Ke3 Ke6 48. f4 1-0

[Event "30th Rubinstein Memorial"]
[Site "Polanica Zdroj POL"]
[Date "1993.08.??"]
[Round "2"]
[White "Hansen, Lars Bo"]
[Black "Hickl, Joerg"]
[WhiteElo "2560"]
[BlackElo "2570"]
[Result "0-1"]
[EventDate "1993.08.14"]
[PlyCount "80"]
1. d4 d6 2. Nf3 Bg4 3. e4 Nf6 4. h3 Bh5 5. Bd3 e6 6. c4 Nc6 7. Be3 Bxf3 8. Qxf3 g6 9. Na3 Bg7 10. Nc2 O-O 11. O-O a5 12. Qe2 Nd7 13. f4 Nb4 14. a3 Nxd3 15. Qxd3 a4 16. Rad1 Qe7 17. Bf2 Rfd8 18. Qe2 Nb6 19. Ne1 Bh6 20. Bg3 Re8 21. Nf3 f5 22. Bh4 Qd7 23. c5 fxe4 24. Nd2 e3 25. cxb6 exd2 26. bxc7 Qxc7 27. Rxd2 Rac8 28. Qf3 Rf8 29. Qe4 Rce8 30. Bg3 Qb6 31. Kh1 d5 32. Qd3 Qa6 33. Qf3 Rf6 34. Re2 Ref8 35. Qe3 g5 36. Ref2 gxf4 37. Bxf4 Rxf4 38. Qg3+ Kh8 39. Rxf4 Qxf1+ 40. Rxf1 Rxf1+ 0-1

[Event "30th Rubinstein Memorial"]
[Site "Polanica Zdroj POL"]
[Date "1993.08.??"]
[Round "2"]
[White "Kuczynski, Robert"]
[Black "Sosonko, Gennadi"]
[WhiteElo "2520"]
[BlackElo "2525"]
[Result "1/2-1/2"]
[EventDate "1993.08.14"]
[PlyCount "26"]
1. e4 c5 2. Nf3 d6 3. d4 cxd4 4. Nxd4 Nf6 5. Nc3 Nc6 6. Be2 g6 7. O-O Bg7 8. Nb3 O-O 9. Re1 Be6 10. Bf1 d5 11. exd5 Nxd5 12. Ne4 Ndb4 13. c3 Qxd1 1/2-1/2

[Event "30th Rubinstein Memorial"]
[Site "Polanica Zdroj POL"]
[Date "1993.08.??"]
[Round "2"]
[White "Markowski, Tomasz"]
[Black "Gdanski, Jacek"]
[WhiteElo "2465"]
[BlackElo "2485"]
[Result "1/2-1/2"]
[EventDate "1993.08.14"]
[PlyCount "60"]
1. c4 Nf6 2. Nc3 c5 3. g3 g6 4. Bg2 Bg7 5. a3 Nc6 6. Rb1 a5 7. Nh3 O-O 8. O-O Rb8 9. d3 Ne8 10. Bf4 Nc7 11. Qd2 d6 12. Bh6 Bd7 13. Bxg7 Kxg7 14. Nf4 b5 15. cxb5 Nxb5 16. e3 e6 17. Rfc1 Ne7 18. Nfe2 Qb6 19. d4 Nxc3 20. Qxc3 cxd4 21. Qxd4+ Qxd4 22. Nxd4 Rfc8 23. Rxc8 Rxc8 24. Ne2 d5 25. Rc1 Rb8 26. Rc7 Bb5 27. Nd4 Kf8 28. e4 dxe4 29. Bxe4 Be8 30. Rb7 Rc8 1/2-1/2

[Event "30th Rubinstein Memorial"]
[Site "Polanica Zdroj POL"]
[Date "1993.08.??"]
[Round "3"]
[White "Gdanski, Jacek"]
[Black "Kuczynski, Robert"]
[WhiteElo "2485"]
[BlackElo "2520"]
[Result "1-0"]
[EventDate "1993.08.14"]
[PlyCount "87"]
1. e4 c5 2. Nc3 Nc6 3. f4 g6 4. Nf3 Bg7 5. Bb5 Nd4 6. O-O a6 7. Bd3 d6 8. Nxd4 cxd4 9. Ne2 e6 10. c3 dxc3 11. dxc3 Ne7 12. Kh1 O-O 13. Be3 Qc7 14. Qe1 Bd7 15. Rd1 Rae8 16. Bc2 Bb5 17. Rf2 d5 18. Nd4 Bd7 19. e5 b5 20. Nf3 a5 21. Bd4 Rb8 22. Qe3 Rfc8 23. b4 axb4 24. cxb4 Qxc2 25. Rxc2 Rxc2 26. Qb3 Rcc8 27. Bc5 Bf8 28. Nd4 Nc6 29. Nf3 Bxc5 30. bxc5 b4 31. Qe3 Ne7 32. g4 Kg7 33. Nd4 Re8 34. Rf1 Nc6 35. Nb3 Ra8 36. Rf2 Ra3 37. h4 Bc8 38. h5 d4 39. Qh3 Ne7 40. Rh2 Bb7+ 41. Kg1 Ng8 42. hxg6 hxg6 43. f5 exf5 44. gxf5 1-0

[Event "30th Rubinstein Memorial"]
[Site "Polanica Zdroj POL"]
[Date "1993.08.??"]
[Round "3"]
[White "Sosonko, Gennadi"]
[Black "Hansen, Lars Bo"]
[WhiteElo "2525"]
[BlackElo "2560"]
[Result "1-0"]
[EventDate "1993.08.14"]
[PlyCount "61"]
1. d4 e6 2. g3 f5 3. Bg2 Nf6 4. c4 c6 5. Nd2 d5 6. Qc2 Bd6 7. Nh3 O-O 8. O-O Qe7 9. Nf3 b6 10. Bf4 Bb7 11. Rac1 Nbd7 12. cxd5 Nxd5 13. Bxd6 Qxd6 14. e4 fxe4 15. Nhg5 Qe7 16. Qxe4 N7f6 17. Qe2 h6 18. Nxe6 Rfe8 19. Rfe1 Qf7 20. Bh3 Nd7 21. Qd1 Re7 22. Ne5 Nxe5 23. Rxe5 Rae8 24. Qe2 Kh8 25. a3 Qf6 26. f4 c5 27. dxc5 bxc5 28. Rxc5 Rxe6 29. Bxe6 Rxe6 30. Rxe6 Qd4+ 31. Qf2 1-0

[Event "30th Rubinstein Memorial"]
[Site "Polanica Zdroj POL"]
[Date "1993.08.??"]
[Round "4"]
[White "Dolmatov, Sergei"]
[Black "Hickl, Joerg"]
[WhiteElo "2630"]
[BlackElo "2570"]
[Result "1/2-1/2"]
[EventDate "1993.08.14"]
[PlyCount "55"]
1. e4 e6 2. d4 d5 3. Nc3 Nf6 4. Bg5 dxe4 5. Nxe4 Nbd7 6. Nxf6+ Nxf6 7. Nf3 h6 8. Bxf6 Qxf6 9. Bb5+ c6 10. Bd3 Bd6 11. Qe2 b6 12. O-O Bb7 13. Ba6 Bxa6 14. Qxa6 O-O 15. c3 c5 16. Rad1 Rfd8 17. Qe2 Rac8 18. g3 Bf8 19. dxc5 Rxc5 20. Rxd8 Qxd8 21. c4 Rc6 22. Rd1 Rd6 23. Rxd6 Qxd6 24. Ne5 g6 25. Qe4 f5 26. Qe2 Kh7 27. Nd3 Bg7 28. Nf4 1/2-1/2

[Event "30th Rubinstein Memorial"]
[Site "Polanica Zdroj POL"]
[Date "1993.08.??"]
[Round "4"]
[White "Hansen, Lars Bo"]
[Black "Gdanski, Jacek"]
[WhiteElo "2560"]
[BlackElo "2485"]
[Result "1/2-1/2"]
[EventDate "1993.08.14"]
[PlyCount "107"]
1. e4 e6 2. d4 d5 3. e5 c5 4. c3 Nc6 5. Nf3 Nge7 6. Na3 cxd4 7. cxd4 Nf5 8. Nc2 Qb6 9. Be2 Bb4+ 10. Kf1 Be7 11. h4 h5 12. Rh3 Bd7 13. Rb1 Nb4 14. Nxb4 Qxb4 15. a3 Qb6 16. a4 Rc8 17. Bd3 g6 18. b3 a5 19. Bb2 Kf8 20. g3 Kg7 21. Kg2 Rb8 22. Rh1 Rhc8 23. Bc1 Qd8 24. Qd2 Kg8 25. Qf4 Rc3 26. Bxf5 exf5 27. Bd2 Rcc8 28. Rhc1 b5 29. axb5 Rxb5 30. Qh6 Bf8 31. Qe3 Rcb8 32. Ng5 a4 33. e6 fxe6 34. Nxe6 f4 35. Qd3 f3+ 36. Kh2 Qf6 37. Nxf8 Rxf8 38. bxa4 Rxb1 39. Rxb1 Kh7 40. Rb7 Qe6 41. Kg1 Rf7 42. Qf1 Bxa4 43. Rxf7+ Qxf7 44. Qa6 Bd7 45. Qd6 Bg4 46. Be3 Bd7 47. Qa3 Qe6 48. Qf8 Qf5 49. Qe7+ Kg8 50. Bh6 Qf7 51. Qa3 Qf5 52. Qe7 Qf7 53. Qa3 Qf5 54. Qe7 1/2-1/2

[Event "30th Rubinstein Memorial"]
[Site "Polanica Zdroj POL"]
[Date "1993.08.??"]
[Round "5"]
[White "Hickl, Joerg"]
[Black "Sax, Gyula"]
[WhiteElo "2570"]
[BlackElo "2520"]
[Result "1/2-1/2"]
[EventDate "1993.08.14"]
[PlyCount "26"]
1. e4 c5 2. c3 d5 3. d3 Nc6 4. Nf3 dxe4 5. dxe4 Qxd1+ 6. Kxd1 Nf6 7. Nfd2 g6 8. f3 Bh6 9. Nb3 Bxc1 10. Kxc1 b6 11. a4 Be6 12. Bb5 Kd7 13. N1d2 Ne8 1/2-1/2

[Event "30th Rubinstein Memorial"]
[Site "Polanica Zdroj POL"]
[Date "1993.08.??"]
[Round "5"]
[White "Kuczynski, Robert"]
[Black "Hansen, Lars Bo"]
[WhiteElo "2520"]
[BlackElo "2560"]
[Result "1/2-1/2"]
[EventDate "1993.08.14"]
[PlyCount "31"]
1. e4 e6 2. d4 d5 3. Nc3 Bb4 4. e5 Ne7 5. a3 Bxc3+ 6. bxc3 b6 7. Nh3 Ng6 8. f4 c5 9. Bb5+ Bd7 10. a4 Bxb5 11. axb5 a5 12. bxa6 Rxa6 13. Rxa6 Nxa6 14. O-O O-O 15. Qe2 Nc7 16. Be3 1/2-1/2

[Event "30th Rubinstein Memorial"]
[Site "Polanica Zdroj POL"]
[Date "1993.08.??"]
[Round "5"]
[White "Sosonko, Gennadi"]
[Black "Dolmatov, Sergei"]
[WhiteElo "2525"]
[BlackElo "2630"]
[Result "1/2-1/2"]
[EventDate "1993.08.14"]
[PlyCount "36"]
1. d4 f5 2. g3 Nf6 3. Bg2 g6 4. Nf3 Bg7 5. O-O O-O 6. c4 d6 7. Nc3 c6 8. d5 e5 9. dxe6 Bxe6 10. b3 Na6 11. Ng5 Qe7 12. Nxe6 Qxe6 13. Bb2 Nc5 14. Qc2 Rad8 15. Rad1 Rfe8 16. e3 Nfe4 17. Nxe4 Nxe4 18. Bxg7 Kxg7 1/2-1/2

[Event "30th Rubinstein Memorial"]
[Site "Polanica Zdroj POL"]
[Date "1993.08.??"]
[Round "6"]
[White "Sax, Gyula"]
[Black "Sosonko, Gennadi"]
[WhiteElo "2520"]
[BlackElo "2525"]
[Result "1/2-1/2"]
[EventDate "1993.08.14"]
[PlyCount "24"]
1. e4 c5 2. Nf3 d6 3. c3 Nf6 4. h3 g6 5. Bd3 Bg7 6. O-O O-O 7. Bc2 Nc6 8. d4 cxd4 9. cxd4 Nb4 10. Bb3 d5 11. e5 Ne4 12. Bf4 Be6 1/2-1/2

[Event "30th Rubinstein Memorial"]
[Site "Polanica Zdroj POL"]
[Date "1993.08.??"]
[Round "7"]
[White "Kuczynski, Robert"]
[Black "Dolmatov, Sergei"]
[WhiteElo "2520"]
[BlackElo "2630"]
[Result "1-0"]
[EventDate "1993.08.14"]
[PlyCount "73"]
1. e4 e6 2. d4 d5 3. Nc3 Nf6 4. e5 Nfd7 5. f4 c5 6. Nf3 Nc6 7. Be3 Qb6 8. Na4 Qa5+ 9. c3 cxd4 10. b4 Nxb4 11. cxb4 Bxb4+ 12. Bd2 Bxd2+ 13. Nxd2 g5 14. Rb1 a6 15. Nb2 Nc5 16. Bd3 Bd7 17. O-O Qxa2 18. fxg5 Qa3 19. Nf3 a5 20. Qe2 Nb3 21. Bb5 Bc6 22. Na4 O-O 23. Qd3 Bxb5 24. Qxb5 Nd2 25. Nxd2 Qe3+ 26. Rf2 Rfc8 27. Nf1 Qxg5 28. Nc5 Rc7 29. Nd7 Rd8 30. Nf6+ Kh8 31. Ne8 Re7 32. Nd6 Rf8 33. Re1 f5 34. Qxa5 f4 35. Qd2 b5 36. Qxd4 f3 37. Qe3 1-0

[Event "30th Rubinstein Memorial"]
[Site "Polanica Zdroj POL"]
[Date "1993.08.??"]
[Round "8"]
[White "Sax, Gyula"]
[Black "Kuczynski, Robert"]
[WhiteElo "2520"]
[BlackElo "2520"]
[Result "1/2-1/2"]
[EventDate "1993.08.14"]
[PlyCount "73"]
1. e4 c5 2. Nf3 d6 3. d4 cxd4 4. Nxd4 Nf6 5. Nc3 a6 6. f4 e5 7. Nf3 Nbd7 8. Bd3 Be7 9. O-O O-O 10. Qe1 Nc5 11. Kh1 exf4 12. Bxf4 Be6 13. Be3 d5 14. e5 Nfe4 15. Ne2 Bf5 16. Nf4 Nxd3 17. cxd3 Nc5 18. Bxc5 Bxc5 19. Rc1 Ba7 20. Nh4 Bg6 21. e6 Qd6 22. Qg3 Rad8 23. Nfxg6 fxg6 24. Qxd6 Rxd6 25. Rxf8+ Kxf8 26. Rc8+ Ke7 27. Rc7+ Kxe6 28. Rxb7 Rc6 29. g3 Bd4 30. Nf3 Rc1+ 31. Kg2 Rc2+ 32. Kh3 Bxb2 33. Rb6+ Kf5 34. Rd6 Rf2 35. g4+ Kf4 36. Ne1 d4 37. Re6 1/2-1/2

[Event "30th Rubinstein Memorial"]
[Site "Polanica Zdroj POL"]
[Date "1993.08.??"]
[Round "9"]
[White "Hansen, Lars Bo"]
[Black "Sax, Gyula"]
[WhiteElo "2560"]
[BlackElo "2520"]
[Result "1-0"]
[EventDate "1993.08.14"]
[PlyCount "129"]
1. d4 Nf6 2. c4 e6 3. g3 c5 4. d5 exd5 5. cxd5 d6 6. Nc3 g6 7. Bg2 Bg7 8. Nf3 O-O 9. O-O Na6 10. Nd2 Nc7 11. Nc4 Nfe8 12. a4 b6 13. Qd2 Rb8 14. Rb1 Bd7 15. b3 a6 16. Ne4 Bf5 17. Ne3 Bxe4 18. Bxe4 b5 19. Bb2 Nf6 20. Bg2 Qd7 21. b4 bxa4 22. bxc5 dxc5 23. Ba3 Rb3 24. Bxc5 Rfb8 25. Rbc1 Ne6 26. Bh3 Qd8 27. Bxe6 fxe6 28. Qa2 Nxd5 29. Nxd5 Qxd5 30. Qxa4 Rc3 31. Rb1 Rc8 32. Be3 Qc6 33. Qa5 Qc4 34. Rb7 Bf6 35. Qb6 a5 36. Qa7 h5 37. Rfb1 Qe4 38. Rb8 Qd5 39. R8b5 Qc4 40. Rb8 Qd5 41. h4 Qd8 42. Rxc8 Rxc8 43. Qa6 Kf7 44. Bb6 Qd7 45. Bxa5 Be7 46. Be1 Rc7 47. Qa2 Qd4 48. Qa8 Qg4 49. Qh8 Qxe2 50. Qh7+ Kf6 51. Bc3+ Rxc3 52. Qh8+ Kf5 53. Qxc3 Qe4 54. Re1 Bb4 55. Rxe4 Bxc3 56. Rf4+ Ke5 57. Kg2 Bd2 58. Rf7 Bc3 59. Kf3 Bb2 60. Ke3 Bd4+ 61. Kd3 Bb2 62. Rf8 Ba3 63. f4+ Kd5 64. Rf6 e5 65. Rxg6 1-0

[Event "30th Rubinstein Memorial"]
[Site "Polanica Zdroj POL"]
[Date "1993.08.??"]
[Round "10"]
[White "Hickl, Joerg"]
[Black "Sosonko, Gennadi"]
[WhiteElo "2570"]
[BlackElo "2525"]
[Result "1/2-1/2"]
[EventDate "1993.08.14"]
[PlyCount "51"]
1. g3 c5 2. Bg2 Nc6 3. c4 g6 4. Nc3 Bg7 5. a3 Nf6 6. Rb1 a5 7. d3 O-O 8. Nh3 d6 9. Nf4 Bd7 10. O-O Rb8 11. Bd2 Ne8 12. Nb5 Nc7 13. Nxc7 Qxc7 14. Nd5 Qd8 15. Nc3 Na7 16. b4 axb4 17. axb4 cxb4 18. Rxb4 b5 19. cxb5 Nxb5 20. Nxb5 Rxb5 21. Rxb5 Bxb5 22. Qb3 Qd7 23. Rc1 Ba4 24. Qb4 e6 25. Bf4 d5 26. Rc7 1/2-1/2

[Event "30th Rubinstein Memorial"]
[Site "Polanica Zdroj POL"]
[Date "1993.08.??"]
[Round "11"]
[White "Dolmatov, Sergei"]
[Black "Sax, Gyula"]
[WhiteElo "2630"]
[BlackElo "2520"]
[Result "1/2-1/2"]
[EventDate "1993.08.14"]
[PlyCount "31"]
1. e4 e5 2. Nf3 Nc6 3. Bb5 a6 4. Ba4 Nf6 5. O-O Be7 6. Re1 b5 7. Bb3 d6 8. c3 O-O 9. h3 Nb8 10. d4 Nbd7 11. Nbd2 Bb7 12. Bc2 Re8 13. a4 Bf8 14. Bd3 c6 15. b3 Qc7 16. Bb2 1/2-1/2

[Event "30th Rubinstein Memorial"]
[Site "Polanica Zdroj POL"]
[Date "1993.08.??"]
[Round "11"]
[White "Gdanski, Jacek"]
[Black "Hickl, Joerg"]
[WhiteElo "2485"]
[BlackElo "2570"]
[Result "1/2-1/2"]
[EventDate "1993.08.14"]
[PlyCount "103"]
1. e4 g6 2. d4 d6 3. Nc3 c6 4. f4 d5 5. e5 h5 6. Be3 Nh6 7. Qd2 Ng4 8. O-O-O Bf5 9. Nf3 Nxe3 10. Qxe3 e6 11. g3 Bb4 12. Nh4 Qa5 13. Nxf5 gxf5 14. Rd3 Nd7 15. a3 Be7 16. Nb1 c5 17. Qd2 Qc7 18. Be2 c4 19. Re3 b5 20. Qd1 h4 21. Bh5 Qb6 22. Rhe1 b4 23. a4 Rb8 24. g4 fxg4 25. Bxg4 c3 26. Qd3 Qc6 27. f5 cxb2+ 28. Kd1 Nf8 29. Qb3 Rg8 30. h3 exf5 31. Bxf5 Ne6 32. Qxb2 Qxa4 33. Bg4 Rc8 34. Nd2 Bg5 35. Rd3 Bxd2 36. Kxd2 Rc4 37. Ra1 Qd7 38. Ra6 Rxg4 39. hxg4 Nc7 40. Rxa7 Qxg4 41. Qb3 Qf4+ 42. Kd1 Nb5 43. Qa4 Kf8 44. Qxb5 Qf1+ 45. Kd2 Qf4+ 46. Kd1 Qf1+ 47. Kd2 Qf2+ 48. Kd1 Qxc2+ 49. Ke1 Qxd3 50. Rxf7+ Kxf7 51. Qd7+ Kg8 52. Qd8+ 1/2-1/2